Richard III - Statistics

General Stats
  • This quiz has been taken 8 times
  • The average score is 10 of 20
Answer Stats
Hint Answer % Correct
What was his older brother crowned in 1461 Edward iv
100%
When was Richard born 1452
83%
When did the Wars of the Roses start 1455
67%
When did Edward iv die 1483
67%
What was the name of Richard's older sister, whose descendants were used to identify his remains Anne
67%
Which Neville sister did Richard marry Anne Neville
67%
At what battle was Richard defeated Bosworth
67%
What were the names of Warwick's daughters IsabelAnne
67%
Under who's guardianship was Richard placed in 1461 Earl of Warwick
50%
Who were his parents Richard of York
50%
Who played Richard in the 2013 STARZ series 'The White Queen' Aneurin Barnard
33%
Who played Richard in 'The Hollow Crown' and also read the poem 'Richard' at his funeral in 2015 Benedict Cumberbatch
33%
What were the names of Richard's children EdwardJohn Katherine
33%
Who did Edward iv marry in secret in 1464 Elizabeth Woodvile
33%
Which brother sided with Warwick in 1471 George of Clarence
33%
Where in Leicester were Richard's remains found in 2012 under a car park
33%
At what battle were his father and older brother killed Wakefield
33%
At what battle was the Earl of Warwick killed Barnet
17%
Who did Richard claim Edward married in 1460 Eleanor Talbot
17%
Who did Richard meet under his cousin's guardianship Francis Lovell
17%
No matching quizzes found
Score Distribution
Percent of People with Each Score
Percentile by Number Answered
Your Score History
You have not taken this quiz